000 00602nam a2200253 a 4500
001 nice12345678
003 IN_TiNIC
005 20260116013826.0
008 050524s1995 dela grp 000 0 eng
020 _a
_c750
082 0 0 _a294
_bBAI
100 _aBaird, Robert D
245 _aReligion in Modern India
260 _aDelhi
_bManohar
_c1995
300 _a588p
500 _aincludes index and biblioraphy
505 2 _aBibliography, Glossary
650 _aIndia-Religion
650 _aIslam-India
700 1 _aBaird, Robert D
902 _bSRS
942 _cBK
999 _c12689
_d12689